00797cam a22002171i 45000010005000000030008000050050017000130080039000300350018000690350019000870400057001060410008001630820028001711000045001992450118002442600041003623000026004034900065004295040041004946000044005356992BD-RjUL20211208234341.0140113t1950 enk b 001 0 eng a(BD-RjUL)7034 a(OCoLC)3421408 aDLCcAzFUdAzFUdOCoLCdUkdOCoLCdDLCdBD-RjULbeng aeng00a370.10924216bCOE 19501 aConnell, W. F.q(William Fraser),d1916-14aThe educational thought and influence of Matthew Arnold /cby W. F. Connell. With an introd. by Sir Fred Clarke. aLondon :bRoutledge & K. Paul,c1950 axvi, 304 p. ;c23 cm.0 aInternational library of sociology and social reconstruction aBibliographical reference and index.10aArnold, Matthew,d1812-1818xInfluence.